Equipa principal do FC Porto 2021/2022 - Statistics

Estatísticas Gerais
  • Esse quiz foi jogado 285 vezes
  • A pontuação média é 13 de 26
Estatísticas das Respostas
Numero Jogador % Correto
Treinador Sergio Conceicao
91%
99 Diogo Costa
89%
3 Pepe
87%
11 Pepê
87%
25 Otavio
73%
30 Evanilson
69%
2 Fabio Cardoso
57%
50 Fabio Vieira
57%
10 Francisco Conceicao
57%
20 Vitinha
57%
9 Mehdi Taremi
55%
29 Toni Martinez
54%
23 Joao Mario
53%
14 Claudio Ramos
50%
8 Matheus Uribe
44%
5 Ivan Marcano
38%
22 Wendell
35%
19 Chancel Mbemba
32%
12 Zaidu Sanusi
31%
18 Wilson Manafa
30%
7 Luiz Diaz
29%
1 Augustin Marchesin
27%
16 Marko Grujic
27%
27 Sergio Oliveira
26%
28 Bruno Costa
23%
17 Jesus Corona
17%
Nenhum quiz correspondente encontrado
Distribuição das Pontuações
Porcentagem de Pessoas com Cada Pontuação
Percentil de Números Respondidos
Sua Pontuação Histórica
Você não jogou esse quiz